03489cam a22003978i 450000100090000000300040000900500170001300800410003001000170007102000180008804000230010604200080012905000230013708200190016008400450017910000330022424500880025725000170034526300090036226400430037130000130041433600210042733700250044833800230047350000790049650000200057550508510059552013550144665000420280165000240284365000340286765000360290165000540293765000480299165000520303918892264OSt20230901111437.0151211s2016 nyu 001 0 eng  a 2015044424 a9789356403345 aDLCbengcDLCerda apcc00aHD2341b.B873 201600a658.022bBUR/E aBUS025000aBUS041000aBUS0600002bisacsh1 aBurns, Paul,d1949-eauthor.10aEntrepreneurship and small business :bstart-up, growth and maturity /cPaul Burns. a5th edition. a1602 1aNew York :bPalgrave Macmillan,c2022. a537pages atext2rdacontent aunmediated2rdamedia avolume2rdacarrier aRevised edition of the author's Entrepreneurship and small business, 2011. aIncludes index.8 aMachine generated contents note: -- PART I: ENTREPRENEURSHIP -- 1. Entrepreneurship: The Social and Business Revolution -- 2. The Economics of Entrepreneurship and Public Policy -- 3. The Entrepreneurial Character -- 4. Discovering a Business Idea -- 5. Researching and Evaluating the Business Idea -- PART II: START-UP -- 6. Start-up: Developing Your Business Model -- 7. Adding Values to the Business Model -- 8. Launching the Business -- 9. Legal Foundations -- 10. Operations and Risk -- 11. Financial Management -- PART III: GROWTH -- 12. Growth: Building the Foundations -- 13. Strategies for Growth -- 14. Financing the Business -- 15. From Business Model to Business Plan -- PART IV: MATURITY -- 16. Maturity: Success and Failure -- 17. Family Business -- 18. From Entrepreneur to Entrepreneurial Leader -- 19. Corporate Entrepreneurship. a"Entrepreneurship& Small Business examines the life cycle of firms tracing development from initial start-up, through to growth and maturity. It studies entrepreneurs - what motivates them, how they manage and lead, and how certain defining characteristics they possess can help shape the businesses they run, and the wider environment of entrepreneurship to include family business, and social, civic, philanthropic and corporate enterprises. The book expertly synthesises research foundations and academic studies with real-life practical knowledge and examples. Richly resourced with insights from a wide range of international entrepreneurs and industries, while remaining grounded in academic theory, the text fosters entrepreneurial talent, thinking and skills. Case studies, practice insights, video interviews and discussion scenarios are used to practically demonstrate how concepts are implemented in successful small and growing companies. Clearly structured and accessibly presented throughout, the vitality and expertise of the author make this an engaging and informative read. Burns' text is ideal for undergraduates, MBA students, and students taking specialist postgraduate modules on Entrepreneurship, Enterprise, Small Business Management and New Venture Creation within business and management courses"--cProvided by publisher. 0aEntrepreneurshipxStudy and teaching. 0aBusiness education. 0aSmall businessvCase studies. 0aEntrepreneurshipvCase studies. 7aBUSINESS & ECONOMICS / Entrepreneurship.2bisacsh 7aBUSINESS & ECONOMICS / Management.2bisacsh 7aBUSINESS & ECONOMICS / Small Business.2bisacsh